000 00530nam a2200181Ia 4500
008 100920s9999 xx 000 0 und d
082 _b65734
_a24 थ 94
100 _aदेवधर ज्योत्स्ना.
245 _aचुकामूक.
260 _bअमोल प्रकाशन, पुणे.
_c1994
300 _a156
_bसाधी
365 _b75
520 _aसायो.
630 _aचुकामूक.
650 _aसायो.
730 _aचुकामूक.
942 _cBOOK
999 _c708457
_d708454